[Event "PRAGUE OPEN 2020 - A - IM open"]
[Site "?"]
[Date "2020.01.11"]
[Round "3"]
[White "Low, Zhen Yu Cyrus"]
[Black "Shehzad, Shazil"]
[Result "1-0"]
[BlackElo "2162"]
[WhiteElo "2415"]
[LiveChessVersion "1.4.8"]

1. e4 {[%clk 1:30:57]} c5 {[%clk 1:24:34]} 2. Nf3 {[%clk 1:31:17]} d6
{[%clk 1:24:59]} 3. d4 {[%clk 1:31:41]} cxd4 {[%clk 1:25:24]} 4. Nxd4
{[%clk 1:32:06]} Nf6 {[%clk 1:25:49]} 5. Nc3 {[%clk 1:32:30]} a6 {[%clk 1:26:14]}
6. g3 {[%clk 1:32:52]} e5 {[%clk 1:26:36]} 7. Nde2 {[%clk 1:33:15]} Be7
{[%clk 1:26:43]} 8. Bg2 {[%clk 1:33:36]} O-O {[%clk 1:26:52]} 9. O-O
{[%clk 1:33:53]} b5 {[%clk 1:27:18]} 10. Nd5 {[%clk 1:34:14]} Nxd5
{[%clk 1:27:28]} 11. Qxd5 {[%clk 1:34:36]} Ra7 {[%clk 1:27:53]} 12. Be3
{[%clk 1:35:00]} Be6 {[%clk 1:27:59]} 13. Qd3 {[%clk 1:35:22]} Rd7
{[%clk 1:28:18]} 14. Rfd1 {[%clk 1:34:13]} Nc6 {[%clk 1:28:24]} 15. Nc3
{[%clk 1:34:05]} Qc8 {[%clk 1:24:42]} 16. Nd5 {[%clk 1:23:53]} Bxd5
{[%clk 1:23:21]} 17. exd5 {[%clk 1:21:52]} Nb4 {[%clk 1:19:44]} 18. Qd2
{[%clk 1:21:52]} a5 {[%clk 1:13:50]} 19. a3 {[%clk 1:21:26]} Na6 {[%clk 1:11:44]}
20. Qxa5 {[%clk 1:21:12]} Qb7 {[%clk 1:06:48]} 21. Qb6 {[%clk 1:13:55]} f5
{[%clk 1:05:30]} 22. Qxb7 {[%clk 1:06:07]} Rxb7 {[%clk 1:02:23]} 23. Bf1
{[%clk 1:06:26]} Rc8 {[%clk 0:54:57]} 24. Rac1 {[%clk 1:03:10]} Nc5
{[%clk 0:53:37]} 25. b4 {[%clk 0:58:31]} Na4 {[%clk 0:53:01]} 26. c4
{[%clk 0:58:54]} bxc4 {[%clk 0:49:20]} 27. Bxc4 {[%clk 0:56:35]} Ra8
{[%clk 0:41:09]} 28. Bf1 {[%clk 0:56:02]} g5 {[%clk 0:38:05]} 29. Rc6
{[%clk 0:53:36]} f4 {[%clk 0:35:10]} 30. Bc1 {[%clk 0:53:59]} h5 {[%clk 0:32:04]}
31. Rd2 {[%clk 0:53:12]} Raa7 {[%clk 0:30:30]} 32. Rdc2 {[%clk 0:53:22]} Kf7
{[%clk 0:30:47]} 33. Be2 {[%clk 0:46:42]} Kg6 {[%clk 0:29:18]} 34. Bd3+
{[%clk 0:40:34]} Kf6 {[%clk 0:29:35]} 35. Be4 {[%clk 0:39:54]} Kf7
{[%clk 0:25:23]} 36. h4 {[%clk 0:35:43]} fxg3 {[%clk 0:24:41]} 37. hxg5
{[%clk 0:36:02]} gxf2+ {[%clk 0:23:38]} 38. Rxf2+ {[%clk 0:35:17]} Kg7
{[%clk 0:23:51]} 39. Rh2 {[%clk 0:35:22]} 1-0

[Event "PRAGUE OPEN 2020 - A - IM open"]
[Site "Praha, Olympik hotel"]
[Date "2020.01.11"]
[Round "3"]
[White "LLOPIS DE AYSA, Manuel"]
[Black "CZERW, Dawid"]
[Result "0-1"]
[WhiteElo "2066"]
[BlackElo "2262"]
[PlyCount "64"]
[EventDate "2020.01.10"]

1. d4 Nf6 2. Nf3 e6 3. c4 d5 4. Nc3 c6 5. cxd5 exd5 6. Bg5 Nbd7 7. e3 Qa5 8.
Bd3 Ne4 9. Qc2 Nxg5 10. Nxg5 h6 11. Nf3 Bd6 12. O-O O-O 13. a3 Qd8 14. h3 Re8
15. b4 a6 16. Rfe1 Nf6 17. Rab1 Bd7 18. a4 Rc8 19. e4 dxe4 20. Nxe4 Nxe4 21.
Bxe4 Qf6 22. Qd2 Bf5 23. Qd3 Bxe4 24. Rxe4 Red8 25. Qe2 Qf5 26. Ne5 Bf8 27. Rb3
Rc7 28. Rf3 Rdc8 29. Ref4 Qe6 30. Rxf7 Rxf7 31. Rxf7 Rd8 32. Qf3 Bd6 0-1

[Event "PRAGUE OPEN 2020 - A - IM open"]
[Site "Praha, Olympik hotel"]
[Date "2020.01.11"]
[Round "3"]
[White "LUDVIK, Tomas"]
[Black "GRICHKEVITCH, Gilles"]
[Result "1-0"]
[WhiteElo "2272"]
[BlackElo "1985"]
[PlyCount "65"]
[EventDate "2020.01.10"]

1. d4 Nf6 2. c4 g6 3. Nc3 Bg7 4. e4 d6 5. Nf3 O-O 6. Be2 e5 7. O-O Nc6 8. d5
Ne7 9. b4 a5 10. Ba3 axb4 11. Bxb4 b6 12. a4 Ne8 13. Qb3 c5 14. dxc6 Nxc6 15.
Nd5 Be6 16. Bd2 Bxd5 17. cxd5 Nd4 18. Nxd4 exd4 19. Bd3 Nf6 20. Bg5 Qb8 21.
Bxf6 Bxf6 22. Rfc1 Ra5 23. Rc6 b5 24. Bxb5 Be5 25. Rac1 Ra8 26. g3 g5 27. Qf3
Qd8 28. Qf5 h6 29. Kh1 Qa5 30. f4 Bg7 31. Bd3 Qd2 32. e5 Rfe8 33. Rc7 1-0

[Event "PRAGUE OPEN 2020 - A - IM open"]
[Site "Praha, Olympik hotel"]
[Date "2020.01.11"]
[Round "3"]
[White "PLASIL, Petr"]
[Black "VORISEK, Jakub"]
[Result "1/2-1/2"]
[WhiteElo "1978"]
[BlackElo "2229"]
[PlyCount "44"]
[EventDate "2020.01.10"]

1. d4 e6 2. c4 b6 3. Nf3 Bb7 4. a3 f5 5. g3 Nf6 6. Bg2 g6 7. O-O Bg7 8. Nc3 O-O
9. b4 Qe7 10. Bg5 d6 11. Rc1 Nbd7 12. d5 e5 13. Qd2 a6 14. Bh6 Rfe8 15. Bxg7
Kxg7 16. e4 Ng8 17. exf5 gxf5 18. Bh3 Nh6 19. Nh4 Qf6 20. Ne4 fxe4 21. Bxd7 Re7
22. Bc6 Bxc6 1/2-1/2

[Event "PRAGUE OPEN 2020 - A - IM open"]
[Site "Praha, Olympik hotel"]
[Date "2020.01.11"]
[Round "3"]
[White "ORTOFT, Kai"]
[Black "NOVOSADOVA, Kristyna"]
[Result "1/2-1/2"]
[WhiteElo "1963"]
[BlackElo "2200"]
[PlyCount "60"]
[EventDate "2020.01.10"]

1. d4 Nf6 2. Nf3 g6 3. Bf4 d5 4. e3 c5 5. c3 Qb6 6. Qb3 Nbd7 7. h3 c4 8. Qc2
Ne4 9. Be2 Ndf6 10. Nbd2 Nxd2 11. Nxd2 Bf5 12. Qc1 Bg7 13. O-O h6 14. Be5 Rc8
15. Re1 O-O 16. Bf3 Ne4 17. Bxg7 Kxg7 18. Bxe4 Bxe4 19. Nxe4 dxe4 20. Qc2 f5
21. Rf1 e5 22. Rad1 exd4 23. Rxd4 Rf7 24. Rfd1 Qf6 25. Qd2 a6 26. Rd6 Qe5 27.
Qd4 Qxd4 28. R1xd4 Rcf8 29. g4 Rf6 30. Rxf6 Rxf6 1/2-1/2

[Event "PRAGUE OPEN 2020 - A - IM open"]
[Site "Praha, Olympik hotel"]
[Date "2020.01.11"]
[Round "3"]
[White "PRIBYLOVA, Sofie"]
[Black "NGUYEN, Thai Dai Vinh"]
[Result "1/2-1/2"]
[WhiteElo "2156"]
[BlackElo "1953"]
[PlyCount "68"]
[EventDate "2020.01.10"]

1. Nf3 Nf6 2. c4 e6 3. g3 c5 4. Bg2 Be7 5. O-O O-O 6. Nc3 Nc6 7. b3 d6 8. Bb2
a6 9. e3 Rb8 10. a4 b6 11. d4 d5 12. Ne5 Bb7 13. Nxc6 Bxc6 14. Qe2 Qc8 15. Rfd1
Qb7 16. Rac1 Rfc8 17. Nb1 b5 18. axb5 axb5 19. dxc5 bxc4 20. Be5 Ra8 21. bxc4
Ba4 22. Re1 Rxc5 23. Nc3 Bc6 24. Rb1 Qd7 25. cxd5 Nxd5 26. Nxd5 Bxd5 27. Qg4
Bf8 28. Bd4 Rc4 29. Bxd5 Qxd5 30. Qe2 Rac8 31. Rbd1 Rc2 32. Qg4 h5 33. Qh3 Qf3
34. Qg2 Qxg2+ 1/2-1/2

[Event "PRAGUE OPEN 2020 - A - IM open"]
[Site "Praha, Olympik hotel"]
[Date "2020.01.11"]
[Round "3"]
[White "KAKUSHADZE, Ilia"]
[Black "FISER, Jiri"]
[Result "1-0"]
[WhiteElo "2149"]
[BlackElo "1935"]
[PlyCount "56"]
[EventDate "2020.01.10"]

1. e4 c5 2. Nf3 Nc6 3. Bb5 e6 4. O-O Nge7 5. Re1 Ng6 6. c3 a6 7. Bxc6 bxc6 8.
d4 cxd4 9. cxd4 d5 10. Nc3 Be7 11. Qc2 O-O 12. Na4 Bb7 13. Bd2 a5 14. a3 c5 15.
Nxc5 Bxc5 16. dxc5 dxe4 17. Ng5 Qd5 18. Rad1 e3 19. Nf3 exd2 20. Rxd2 Qh5 21.
c6 Rac8 22. Rd6 e5 23. Qe4 Ba8 24. g4 Qh3 25. Re3 Nf4 26. Nxe5 Bxc6 27. Rxc6
Rcd8 28. Rc1 Rd4 1-0

[Event "PRAGUE OPEN 2020 - A - IM open"]
[Site "Praha, Olympik hotel"]
[Date "2020.01.11"]
[Round "3"]
[White "OCHEDZAN, Tymon"]
[Black "BACAK, Petr"]
[Result "1-0"]
[WhiteElo "2140"]
[BlackElo "1930"]
[PlyCount "51"]
[EventDate "2020.01.10"]

1. e4 c5 2. Nf3 d6 3. d4 cxd4 4. Nxd4 Nf6 5. Nc3 a6 6. Bg5 Nbd7 7. a4 g6 8. f3
Bg7 9. Qd2 h5 10. h4 Ne5 11. Be2 Bd7 12. a5 Nc6 13. Nb3 Be6 14. Nd5 Bxd5 15.
exd5 Ne5 16. O-O Qc7 17. Rfd1 Rc8 18. c4 b5 19. cxb5 axb5 20. Bxb5+ Nfd7 21.
Rdc1 Qa7+ 22. Be3 Rxc1+ 23. Qxc1 Qb8 24. Nd4 O-O 25. a6 Rc8 26. Bc6 1-0

[Event "PRAGUE OPEN 2020 - A - IM open"]
[Site "Praha, Olympik hotel"]
[Date "2020.01.11"]
[Round "3"]
[White "SINDLER, Michal"]
[Black "TEJKAL, Jiri"]
[Result "1-0"]
[WhiteElo "2119"]
[BlackElo "1878"]
[PlyCount "51"]
[EventDate "2020.01.10"]

1. e4 c6 2. d4 d5 3. exd5 cxd5 4. Bd3 Nf6 5. c3 Bg4 6. Qb3 Qc8 7. h3 Bd7 8. Bf4
Nc6 9. Nd2 g6 10. Ngf3 Bg7 11. O-O O-O 12. Ne5 Be6 13. Rfe1 a6 14. Qc2 Bf5 15.
Nxc6 bxc6 16. Bxf5 gxf5 17. Rxe7 Nh5 18. Bh2 f4 19. Nb3 Bf6 20. Ree1 Bg5 21.
Nc5 Kh8 22. Qe2 Nf6 23. Qe5 Rg8 24. Bxf4 Bh4 25. Bg3 Bg5 26. h4 1-0

[Event "PRAGUE OPEN 2020 - A - IM open"]
[Site "Praha, Olympik hotel"]
[Date "2020.01.11"]
[Round "3"]
[White "ADAMKO, Peter"]
[Black "PAWICKA, Magdalena"]
[Result "0-1"]
[WhiteElo "2082"]
[BlackElo "1860"]
[PlyCount "50"]
[EventDate "2020.01.10"]

1. e4 e5 2. Nf3 Nc6 3. Bc4 Bc5 4. c3 Nf6 5. b4 Bb6 6. Qb3 O-O 7. d3 d6 8. a4 a6
9. Be3 Bxe3 10. fxe3 Ng4 11. Ke2 Qf6 12. h3 Qh6 13. Re1 Nxe3 14. Kf2 Nxc4 15.
dxc4 f5 16. Nbd2 fxe4 17. Nxe4 Rf4 18. Qd1 Bf5 19. g3 Rxe4 20. Qd5+ Kh8 21.
Rxe4 Bxe4 22. Qxe4 Qxh3 23. b5 axb5 24. cxb5 Na5 25. Rg1 Rf8 0-1

[Event "PRAGUE OPEN 2020 - A - IM open"]
[Site "Praha, Olympik hotel"]
[Date "2020.01.11"]
[Round "3"]
[White "PAVLICEK, Petr"]
[Black "TSOTSONAVA, Elene"]
[Result "0-1"]
[WhiteElo "1924"]
[BlackElo "2078"]
[PlyCount "52"]
[EventDate "2020.01.10"]

1. e4 c5 2. Nf3 e6 3. d4 cxd4 4. Nxd4 Nc6 5. Nc3 Qc7 6. g3 a6 7. Bg2 h5 8. h3
Nf6 9. Bg5 Bc5 10. Nb3 Ba7 11. Bf3 Ne5 12. Bxf6 gxf6 13. Qe2 b5 14. O-O-O Bb7
15. Bg2 Rc8 16. Rhe1 Nc4 17. Rd3 b4 18. Nd1 a5 19. Na1 Ba6 20. Rb3 h4 21. Qf3
Bd4 22. Bf1 Ne5 23. Qg2 Nc4 24. Bxc4 Qxc4 25. Qf1 Qxf1 26. Rxf1 a4 0-1

[Event "PRAGUE OPEN 2020 - A - IM open"]
[Site "Praha, Olympik hotel"]
[Date "2020.01.11"]
[Round "3"]
[White "ALQUIST, Erik"]
[Black "OCELAK, Jakub"]
[Result "1/2-1/2"]
[WhiteElo "2042"]
[BlackElo "1786"]
[PlyCount "70"]
[EventDate "2020.01.10"]

1. e4 c5 2. Nf3 e6 3. d4 cxd4 4. Nxd4 Nf6 5. Nc3 Nc6 6. Nxc6 bxc6 7. e5 Nd5 8.
Ne4 Qc7 9. f4 Qb6 10. c4 Bb4+ 11. Ke2 Ba6 12. Kf3 f5 13. exf6 Nxf6 14. c5 Bxc5
15. Nxc5 Bxf1 16. Na4 Bxg2+ 17. Kxg2 Qb4 18. Nc3 Nd5 19. Nxd5 cxd5 20. Re1 O-O
21. a3 Qb7 22. Kg1 Rf6 23. Qf3 Rc8 24. Re2 Rg6+ 25. Rg2 Qb6+ 26. Kh1 Rxg2 27.
Qxg2 Qb3 28. Qf1 Rc2 29. a4 d4 30. Ra3 Qd5+ 31. Kg1 Qc5 32. b4 Qc6 33. Ra1 Qc3
34. Ra3 Qc6 35. Ra1 Qc3 1/2-1/2

[Event "PRAGUE OPEN 2020 - A - IM open"]
[Site "Praha, Olympik hotel"]
[Date "2020.01.11"]
[Round "3"]
[White "HOLUB, Adam"]
[Black "SVOBODOVA, Michaela"]
[Result "0-1"]
[WhiteElo "1657"]
[BlackElo "2015"]
[PlyCount "54"]
[EventDate "2020.01.10"]

1. d4 d5 2. Nf3 Nf6 3. Bf4 c5 4. e3 Nc6 5. c3 Qb6 6. Qb3 c4 7. Qxb6 axb6 8.
Nbd2 b5 9. Be2 b4 10. O-O Bf5 11. Nh4 Bd7 12. Nhf3 h6 13. Ne5 bxc3 14. bxc3 Bf5
15. Bf3 e6 16. Nxc6 bxc6 17. Nxc4 Bd3 18. Nb6 Ra6 19. Rfd1 Bg6 20. Bc7 Ba3 21.
Rd2 Ke7 22. Be2 Ra7 23. Be5 Ne4 24. Bxg7 Rb8 25. Rb1 Rab7 26. Bf8+ Kxf8 27.
Nd7+ Ke7 0-1

[Event "PRAGUE OPEN 2020 - A - IM open"]
[Site "Praha, Olympik hotel"]
[Date "2020.01.11"]
[Round "3"]
[White "MINDL, Josef"]
[Black "JUHANAK, Daniel"]
[Result "1/2-1/2"]
[WhiteElo "1990"]
[BlackElo "1567"]
[PlyCount "37"]
[EventDate "2020.01.10"]

1. e4 e6 2. d4 d5 3. Nc3 Nf6 4. e5 Nfd7 5. f4 c5 6. Nf3 Nc6 7. Be3 cxd4 8. Nxd4
Qb6 9. Qd2 Bc5 10. O-O-O O-O 11. Be2 Qa5 12. Kb1 Bb4 13. Nb3 Bxc3 14. Nxa5 Bxd2
15. Bxd2 Nxa5 16. Bxa5 b6 17. Bb4 Nc5 18. Bf3 Bb7 19. f5 1/2-1/2

[Event "PRAGUE OPEN 2020 - A - IM open"]
[Site "Praha, Olympik hotel"]
[Date "2020.01.11"]
[Round "3"]
[White "OTRUBA, Marek"]
[Black "HELGADOTTIR, Sigridur Bjorg"]
[Result "1-0"]
[WhiteElo "2091"]
[BlackElo "1659"]
[PlyCount "34"]
[EventDate "2020.01.10"]

1. e4 c5 2. Nf3 d6 3. d4 cxd4 4. Nxd4 Nf6 5. Nc3 a6 6. Bg5 e6 7. f4 Nbd7 8. Qf3
Qc7 9. O-O-O b5 10. Bxf6 Nxf6 11. e5 Bb7 12. Qg3 Nh5 13. Qg4 g6 14. Ndxb5 axb5
15. Bxb5+ Kd8 16. exd6 Bxd6 17. Rxd6+ Qxd6 1-0

[Event "PRAGUE OPEN 2020 - B - FIDE open"]
[Site "Praha, Olympik hotel"]
[Date "2020.01.11"]
[Round "3"]
[White "KISELEVA, Elizaveta"]
[Black "LANG, Anders"]
[Result "1-0"]
[WhiteElo "1668"]
[BlackElo "1790"]
[PlyCount "59"]
[EventDate "2020.01.10"]

1. e4 e5 2. Nf3 Nc6 3. Bb5 a6 4. Ba4 Nf6 5. O-O b5 6. Bb3 Bc5 7. c3 d6 8. h3 h6
9. d4 Bb6 10. dxe5 Nxe5 11. Nxe5 dxe5 12. Qxd8+ Kxd8 13. Bxf7 Rf8 14. Bg6 Bb7
15. Nd2 Nd7 16. Nf3 c5 17. Be3 Ke7 18. Bf5 Rxf5 19. exf5 Bxf3 20. gxf3 Rf8 21.
Rfd1 Rxf5 22. Kg2 Nf6 23. Rd2 e4 24. fxe4 Nxe4 25. Re2 Kf6 26. Rd1 Re5 27. f3
Ng5 28. Rd6+ Ne6 29. Rxb6 Kf5 30. Kf2 1-0

[Event "PRAGUE OPEN 2020 - B - FIDE open"]
[Site "Praha, Olympik hotel"]
[Date "2020.01.11"]
[Round "3"]
[White "PACL, Vaclav"]
[Black "MACH, Petr"]
[Result "1-0"]
[WhiteElo "2042"]
[BlackElo "1649"]
[PlyCount "67"]
[EventDate "2020.01.10"]

1. Nf3 d5 2. e3 Nf6 3. c4 c6 4. Nc3 Nbd7 5. b3 g6 6. Bb2 Bg7 7. d4 O-O 8. Bd3
b6 9. O-O Ba6 10. Qe2 Qc7 11. Rac1 dxc4 12. bxc4 c5 13. Nb5 Qb8 14. Rfe1 Ne8
15. Be4 Bb7 16. Bxb7 Qxb7 17. d5 Bxb2 18. Qxb2 Nd6 19. a4 Rfe8 20. Qe2 Nxb5 21.
axb5 Qc7 22. Ra1 Ne5 23. Ra4 e6 24. dxe6 Nxf3+ 25. Qxf3 fxe6 26. Qe4 Qd7 27.
Rea1 Red8 28. g3 Kf7 29. Ra6 Kf6 30. Rxb6 axb6 31. Rxa8 Qd3 32. Qh4+ g5 33.
Qh6+ Kf7 34. Ra7+ 1-0

[Event "PRAGUE OPEN 2020 - B - FIDE open"]
[Site "Praha, Olympik hotel"]
[Date "2020.01.11"]
[Round "3"]
[White "PFLANTZ, Mike"]
[Black "HESTHOLM, Gustav"]
[Result "1/2-1/2"]
[WhiteElo "1927"]
[BlackElo "1641"]
[PlyCount "33"]
[EventDate "2020.01.10"]

1. d4 Nf6 2. c4 c5 3. d5 b5 4. cxb5 a6 5. bxa6 g6 6. Nc3 Bg7 7. e4 O-O 8. e5
Ne8 9. f4 d6 10. Nf3 Bxa6 11. Bxa6 Nxa6 12. O-O Qa5 13. Qe2 Nec7 14. Nd2 Nb4
15. Nc4 Qa6 16. Ne4 Nc2 17. Rb1 1/2-1/2

[Event "PRAGUE OPEN 2020 - B - FIDE open"]
[Site "Praha, Olympik hotel"]
[Date "2020.01.11"]
[Round "3"]
[White "OMARSSON, Josef"]
[Black "FORD, Clifton P"]
[Result "1-0"]
[WhiteElo "1097"]
[BlackElo "1803"]
[PlyCount "61"]
[EventDate "2020.01.10"]

1. d4 Nf6 2. Bf4 d5 3. e3 c5 4. c3 Qb6 5. Qc2 Nc6 6. Nd2 g6 7. Ngf3 Bf5 8. Qc1
Rc8 9. Be2 Bg7 10. b3 O-O 11. O-O cxd4 12. exd4 Nb4 13. Qb2 Nd3 14. Bxd3 Bxd3
15. Rfe1 Ne4 16. Nxe4 dxe4 17. Ne5 Qf6 18. Be3 Bb5 19. Bd2 Bc6 20. Qa3 a6 21.
Nxc6 Qxc6 22. Qxe7 Rfe8 23. Qb4 Bf8 24. Qa5 Bd6 25. Qg5 b5 26. Kh1 Ba3 27. Rab1
Rcd8 28. b4 Rd5 29. Qe3 a5 30. Rb3 axb4 31. cxb4 1-0

[Event "PRAGUE OPEN 2020 - B - FIDE open"]
[Site "Praha, Olympik hotel"]
[Date "2020.01.11"]
[Round "3"]
[White "LOBUNETS, Vladimir"]
[Black "ANYA, Seth Syed"]
[Result "1/2-1/2"]
[WhiteElo "1791"]
[BlackElo "1395"]
[PlyCount "47"]
[EventDate "2020.01.10"]

1. d4 Nf6 2. Nf3 e6 3. c4 c5 4. d5 exd5 5. cxd5 d6 6. Nc3 a6 7. a4 g6 8. Bg5
Bg7 9. e3 Qc7 10. Be2 O-O 11. O-O Nbd7 12. Nd2 Rb8 13. h3 Re8 14. Bf4 Ne5 15.
Re1 Nfd7 16. Qc2 f5 17. a5 Nf6 18. Bf1 Kh8 19. Bg3 Nh5 20. Bh2 Bh6 21. Be2 Nf6
22. Bf1 Nh5 23. Be2 Nf6 24. Bf1 1/2-1/2

[Event "PRAGUE OPEN 2020 - B - FIDE open"]
[Site "Praha, Olympik hotel"]
[Date "2020.01.11"]
[Round "3"]
[White "RENKENS, Stef"]
[Black "KORMANOS, Samuel"]
[Result "0-1"]
[WhiteElo "1668"]
[BlackElo "1494"]
[PlyCount "50"]
[EventDate "2020.01.10"]

1. e4 e5 2. Nf3 Nc6 3. Bb5 d6 4. h3 Bd7 5. O-O h6 6. d4 exd4 7. Nxd4 Ne5 8.
Bxd7+ Nxd7 9. Nc3 Ngf6 10. Re1 c6 11. Nf5 Qc7 12. Bf4 Ne5 13. Qe2 g6 14. Ne3
Bg7 15. Rad1 Rd8 16. Nc4 O-O 17. Rd4 Nxc4 18. Qxc4 Nh5 19. e5 Nxf4 20. Rxf4
Bxe5 21. Rf3 d5 22. Qh4 Bg7 23. Rfe3 Qd6 24. Nd1 d4 25. Re7 Bf6 0-1

[Event "PRAGUE OPEN 2020 - B - FIDE open"]
[Site "Praha, Olympik hotel"]
[Date "2020.01.11"]
[Round "3"]
[White "LANSKY, Petr"]
[Black "SCHOEPPE, Christian"]
[Result "1-0"]
[WhiteElo "1643"]
[BlackElo "1490"]
[PlyCount "39"]
[EventDate "2020.01.10"]

1. e4 e5 2. Nc3 c6 3. f4 exf4 4. Nf3 d5 5. exd5 Bg4 6. d4 Bxf3 7. Qxf3 Qh4+ 8.
g3 fxg3 9. hxg3 Qxd4 10. Rh4 Qb6 11. Re4+ Kd8 12. Qxf7 Nf6 13. Bg5 Nbd7 14.
O-O-O Bd6 15. Bh3 Kc7 16. dxc6 Qxc6 17. Rc4 Bc5 18. Bxf6 gxf6 19. Rxd7+ Kb6 20.
Na4+ 1-0

[Event "PRAGUE OPEN 2020 - B - FIDE open"]
[Site "Praha, Olympik hotel"]
[Date "2020.01.11"]
[Round "3"]
[White "DUNDALEK, Jozef"]
[Black "CHON, Jeremy"]
[Result "0-1"]
[WhiteElo "1604"]
[BlackElo "1463"]
[PlyCount "42"]
[EventDate "2020.01.10"]

1. d4 f5 2. c4 Nf6 3. Nc3 e6 4. Nf3 d5 5. a3 c6 6. e3 Bd6 7. Bd3 Nbd7 8. c5 Bc7
9. b4 Ne4 10. Qc2 a6 11. O-O O-O 12. Ne2 g5 13. Nd2 Qe8 14. f3 Qh5 15. h3 Ng3
16. Rf2 Nxe2+ 17. Bxe2 Bg3 18. Rf1 Nf6 19. Qd1 Qh4 20. e4 h5 21. e5 Qxd4+ 0-1

[Event "PRAGUE OPEN 2020 - B - FIDE open"]
[Site "Praha, Olympik hotel"]
[Date "2020.01.11"]
[Round "3"]
[White "TAISL, Lubomir"]
[Black "STRATE, Wolfgang"]
[Result "1/2-1/2"]
[WhiteElo "1282"]
[BlackElo "1601"]
[PlyCount "41"]
[EventDate "2020.01.10"]

1. Nf3 d5 2. c4 e6 3. cxd5 exd5 4. g3 Nf6 5. Bg2 Bd6 6. O-O O-O 7. Nc3 c6 8. d4
Re8 9. Bg5 h6 10. Bd2 Bf5 11. Nh4 Bh7 12. Qc1 Nbd7 13. Bh3 Ne4 14. Nxe4 Rxe4
15. Nf5 Bxf5 16. Bxf5 Rxe2 17. Bxh6 gxh6 18. Qxh6 Qf6 19. Bh7+ Kh8 20. Bg6+ Kg8
21. Bh7+ 1/2-1/2

[Event "PRAGUE OPEN 2020 - B - FIDE open"]
[Site "Praha, Olympik hotel"]
[Date "2020.01.11"]
[Round "3"]
[White "QABAZARD, Mohamed"]
[Black "MITHULA, Venugopal Srinivasan"]
[Result "1/2-1/2"]
[WhiteElo "1583"]
[BlackElo "1356"]
[PlyCount "34"]
[EventDate "2020.01.10"]

1. d4 Nf6 2. c4 g6 3. Nf3 d5 4. g3 Bg7 5. Bg2 O-O 6. O-O Bf5 7. Nc3 Nc6 8. cxd5
Nxd5 9. e4 Nxc3 10. bxc3 Bxe4 11. Re1 Bd5 12. Qa4 Be6 13. Rb1 Rb8 14. Rxe6 fxe6
15. Ng5 Qd7 16. Bh3 Rf5 17. Bxf5 exf5 1/2-1/2

[Event "PRAGUE OPEN 2020 - A - IM open"]
[Site "?"]
[Date "2020.01.12"]
[Round "4"]
[White "Quesada Perez, Luis Ernesto"]
[Black "Peng, Hongchi"]
[Result "1-0"]
[BlackElo "2362"]
[WhiteElo "2491"]
[LiveChessVersion "1.4.8"]

1. d4 {[%clk 1:30:57]} d5 {[%clk 1:30:22]} 2. c4 {[%clk 1:31:00]} c5
{[%clk 1:28:41]} 3. cxd5 {[%clk 1:31:09]} Qxd5 {[%clk 1:28:09]} 4. Nf3
{[%clk 1:31:34]} cxd4 {[%clk 1:25:57]} 5. Nc3 {[%clk 1:31:58]} Qd8
{[%clk 1:23:45]} 6. Nxd4 {[%clk 1:30:08]} e5 {[%clk 1:20:46]} 7. Ndb5
{[%clk 1:30:19]} a6 {[%clk 1:19:30]} 8. Qxd8+ {[%clk 1:30:36]} Kxd8
{[%clk 1:19:56]} 9. Na3 {[%clk 1:30:59]} b5 {[%clk 1:13:28]} 10. Nc2
{[%clk 1:31:24]} Bb7 {[%clk 1:13:49]} 11. f3 {[%clk 1:30:04]} f5 {[%clk 1:00:41]}
12. g3 {[%clk 1:21:33]} Nd7 {[%clk 0:49:18]} 13. Bh3 {[%clk 1:19:38]} g6
{[%clk 0:49:39]} 14. e4 {[%clk 1:11:46]} b4 {[%clk 0:44:15]} 15. Bg5+
{[%clk 1:11:52]} Ke8 {[%clk 0:44:36]} 16. Na4 {[%clk 1:11:49]} Bc6
{[%clk 0:38:18]} 17. b3 {[%clk 1:11:52]} fxe4 {[%clk 0:36:10]} 18. fxe4
{[%clk 1:12:13]} h6 {[%clk 0:33:53]} 19. Bd2 {[%clk 0:56:36]} Bxe4
{[%clk 0:25:04]} 20. O-O {[%clk 0:56:35]} Rb8 {[%clk 0:16:12]} 21. Bxd7+
{[%clk 0:54:29]} Kxd7 {[%clk 0:16:40]} 22. Rxf8 {[%clk 0:54:50]} Rxf8
{[%clk 0:17:06]} 23. Nc5+ {[%clk 0:55:08]} Kc6 {[%clk 0:17:27]} 24. Nxe4
{[%clk 0:55:36]} a5 {[%clk 0:17:43]} 25. Ne3 {[%clk 0:49:33]} Nf6
{[%clk 0:17:02]} 26. Rc1+ {[%clk 0:49:54]} Kd7 {[%clk 0:16:48]} 27. Nc5+
{[%clk 0:49:27]} Ke7 {[%clk 0:17:07]} 28. Nc4 {[%clk 0:48:41]} Rc8
{[%clk 0:15:45]} 29. Nxe5 {[%clk 0:46:52]} Rhg8 {[%clk 0:14:03]} 30. Re1
{[%clk 0:40:12]} Kd6 {[%clk 0:12:15]} 31. Nb7+ {[%clk 0:40:33]} Kd5
{[%clk 0:12:24]} 32. Nc4 {[%clk 0:40:02]} Kd4 {[%clk 0:10:25]} 33. Rd1
{[%clk 0:37:44]} Kd3 {[%clk 0:07:10]} 34. Be3+ {[%clk 0:36:49]} Ke2
{[%clk 0:06:51]} 35. Rd2+ {[%clk 0:37:10]} 1-0

[Event "PRAGUE OPEN 2020 - A - IM open"]
[Site "?"]
[Date "2020.01.12"]
[Round "4"]
[White "Cernousek, Lukas"]
[Black "Sharma, Isha"]
[Result "1/2-1/2"]
[BlackElo "2169"]
[WhiteElo "2447"]
[LiveChessVersion "1.4.8"]

1. d4 {[%clk 1:30:57]} Nf6 {[%clk 1:30:28]} 2. c4 {[%clk 1:31:22]} d6
{[%clk 1:30:46]} 3. Nf3 {[%clk 1:31:39]} g6 {[%clk 1:31:09]} 4. g3
{[%clk 1:31:57]} Bg7 {[%clk 1:31:04]} 5. Bg2 {[%clk 1:32:22]} O-O
{[%clk 1:31:21]} 6. O-O {[%clk 1:32:34]} Nc6 {[%clk 1:31:27]} 7. Nc3
{[%clk 1:32:44]} e5 {[%clk 1:31:39]} 8. dxe5 {[%clk 1:24:18]} Nxe5
{[%clk 1:31:48]} 9. Nxe5 {[%clk 1:22:02]} dxe5 {[%clk 1:32:10]} 10. Qxd8
{[%clk 1:22:08]} Rxd8 {[%clk 1:32:33]} 11. Bg5 {[%clk 1:22:33]} Rd4
{[%clk 1:32:20]} 12. Nd5 {[%clk 1:18:32]} Nxd5 {[%clk 1:32:33]} 13. cxd5
{[%clk 1:18:53]} e4 {[%clk 1:31:26]} 14. Rfd1 {[%clk 1:15:25]} Bf5
{[%clk 1:30:56]} 15. Rxd4 {[%clk 1:06:26]} Bxd4 {[%clk 1:31:09]} 16. Rc1
{[%clk 1:06:47]} f6 {[%clk 1:19:56]} 17. Bf4 {[%clk 0:53:18]} Rd8
{[%clk 1:18:11]} 18. Rxc7 {[%clk 0:23:43]} g5 {[%clk 1:00:33]} 19. Be3
{[%clk 0:20:48]} Rxd5 {[%clk 1:00:36]} 20. g4 {[%clk 0:15:35]} Be5
{[%clk 0:53:12]} 21. Rc1 {[%clk 0:15:12]} Bg6 {[%clk 0:51:11]} 22. b4
{[%clk 0:09:52]} a5 {[%clk 0:49:28]} 23. a3 {[%clk 0:03:38]} a4 {[%clk 0:47:43]}
24. f3 {[%clk 0:03:46]} Rd8 {[%clk 0:46:02]} 25. fxe4 {[%clk 0:02:30]} Bf7
{[%clk 0:46:22]} 26. b5 {[%clk 0:01:47]} Bb2 {[%clk 0:38:07]} 27. Rb1
{[%clk 0:01:41]} Be5 {[%clk 0:37:33]} 28. Rc1 {[%clk 0:01:34]} Bb3
{[%clk 0:37:49]} 29. b6 {[%clk 0:01:46]} Kf7 {[%clk 0:37:27]} 30. Kf2
{[%clk 0:01:18]} Ke6 {[%clk 0:36:48]} 31. Bc5 {[%clk 0:00:31]} Rc8
{[%clk 0:31:55]} 32. Be3 {[%clk 0:01:00]} Bc2 {[%clk 0:32:20]} 33. Rh1
{[%clk 0:00:34]} Rc3 {[%clk 0:28:48]} 34. h4 {[%clk 0:00:45]} h6 {[%clk 0:29:12]}
35. hxg5 {[%clk 0:01:12]} hxg5 {[%clk 0:29:39]} 36. Rh7 {[%clk 0:01:10]} Rxa3
{[%clk 0:29:27]} 37. Rxb7 {[%clk 0:01:39]} Rb3 {[%clk 0:29:08]} 38. Ra7
{[%clk 0:02:02]} a3 {[%clk 0:29:11]} 39. Bc5 {[%clk 0:00:55]} Bg3+
{[%clk 0:22:29]} 40. Kg1 {[%clk 0:01:21]} Rb1+ {[%clk 0:22:52]} 41. Bf1
{[%clk 0:29:58]} Bxe4 {[%clk 0:52:30]} 42. Rxa3 {[%clk 0:29:02]} Bf4
{[%clk 0:49:54]} 43. Kf2 {[%clk 0:20:11]} Bd6 {[%clk 0:48:16]} 44. Bxd6
{[%clk 0:11:45]} Kxd6 {[%clk 0:48:40]} 1/2-1/2